<?xml version="1.0" encoding="UTF-8"?><?xml-stylesheet type="text/xsl" href="static/style.xsl"?><OAI-PMH xmlns="http://www.openarchives.org/OAI/2.0/" xmlns:xsi="http://www.w3.org/2001/XMLSchema-instance" xsi:schemaLocation="http://www.openarchives.org/OAI/2.0/ http://www.openarchives.org/OAI/2.0/OAI-PMH.xsd"><responseDate>2026-04-18T04:28:38Z</responseDate><request verb="GetRecord" identifier="oai:www.recercat.cat:2445/127484" metadataPrefix="marc">https://recercat.cat/oai/request</request><GetRecord><record><header><identifier>oai:recercat.cat:2445/127484</identifier><datestamp>2025-12-04T19:02:24Z</datestamp><setSpec>com_2072_1057</setSpec><setSpec>col_2072_478777</setSpec><setSpec>col_2072_478917</setSpec></header><metadata><record xmlns="http://www.loc.gov/MARC21/slim" xmlns:dcterms="http://purl.org/dc/terms/" xmlns:xsi="http://www.w3.org/2001/XMLSchema-instance" xmlns:doc="http://www.lyncode.com/xoai" xsi:schemaLocation="http://www.loc.gov/MARC21/slim http://www.loc.gov/standards/marcxml/schema/MARC21slim.xsd">
   <leader>00925njm 22002777a 4500</leader>
   <datafield ind2=" " ind1=" " tag="042">
      <subfield code="a">dc</subfield>
   </datafield>
   <datafield ind2=" " ind1=" " tag="720">
      <subfield code="a">Durfort i Coll, Mercè</subfield>
      <subfield code="e">author</subfield>
   </datafield>
   <datafield ind2=" " ind1=" " tag="260">
      <subfield code="c">2019-01-21T14:59:18Z</subfield>
   </datafield>
   <datafield ind2=" " ind1=" " tag="260">
      <subfield code="c">2019-01-21T14:59:18Z</subfield>
   </datafield>
   <datafield ind2=" " ind1=" " tag="260">
      <subfield code="c">2012</subfield>
   </datafield>
   <datafield ind2=" " ind1=" " tag="260">
      <subfield code="c">2019-01-21T14:59:19Z</subfield>
   </datafield>
   <datafield ind2=" " ind1=" " tag="520">
      <subfield code="a">Es presenta una breu revisió històrica dels estudis reglats de biologia, des de la carrera de ciències naturals a les llicenciatures i actuals graus de biologia i biomedicina als Països Catalans. S'explica com els avenços metodològics amb l'aplicació de noves tecnologies procedents de l'àmbit de la física i de la química fina amplien la informació que es tenia dels diferents camps de la biologia i en alguns casos canvien conceptes ja assentats. El naixement de noves especialitats mèdiques com a demanda social, com poden ser els estudis genètics que comporten la identificació d'una munió de malalties, l'estudi dels processos degeneratius motivats per l'augment de la longevitat en la població humana, etc., ha donat rellevància a la incorporació de matèries lligades a la neurobiologia i a les malalties en general, matèries que queden recollides en els diferents nous plans d'estudi. La interdisciplinarietat practicada des de fa molts anys en determinades disciplines s'ha vist altament augmentada. Hi ha un recordatori a aquelles entitats públiques i privades que en certa mesura van permetre incrementar i mantenir el caliu dels estudis relacionats amb la biologia, quan la universitat tenia problemes encara més greus que els que té actualment. Així, es fa referència a la Institució Catalana d'Història Natural, la Societat Catalana de Biologia, el Laboratori Biològic de Sarrià, entre d'altres.</subfield>
   </datafield>
   <datafield tag="653" ind2=" " ind1=" ">
      <subfield code="a">Història de la biologia</subfield>
   </datafield>
   <datafield tag="653" ind2=" " ind1=" ">
      <subfield code="a">Educació superior</subfield>
   </datafield>
   <datafield tag="653" ind2=" " ind1=" ">
      <subfield code="a">History of biology</subfield>
   </datafield>
   <datafield tag="653" ind2=" " ind1=" ">
      <subfield code="a">Higher education</subfield>
   </datafield>
   <datafield ind2="0" ind1="0" tag="245">
      <subfield code="a">Història de l´ensenyament de la Biologia a la Universitat</subfield>
   </datafield>
</record></metadata></record></GetRecord></OAI-PMH>